000 00572nam a2200229 a 4500
001 0001-1378
003 ELIB.Books
008 160712 2010 eng
020 _a9781604880212
035 _a(ELIB.Books)0001-1533
092 _a230
100 _aBarnes, Jack
245 _aMalcolm X Black Liberation & the Road to Workers Power
260 _aNew York
_bPathfinder
_c2009
300 _a413
_c25 Cm
650 _aTheology
856 _nKBTS Library
_uKBTS: ELIB
942 _2ddc
_cBK
990 _a1
998 _cbat
_e2016-07-12
999 _c11378
_d11378